000 00225nam a2200097Ia 4500
008 240331s9999 xx 000 0 und d
082 _bTHO
100 _aThompson, F. H
245 4 _aThe return of the native :
_bnotes
942 _cL
999 _c3179
_d3179